Science of strength training / (Record no. 7523)

MARC details
000 -LEADER
fixed length control field 00521 a2200169 4500
010 ## - LCCN (DPL NO)
LC control number ENG-88055
020 ## - INTERNATIONAL STANDARD BOOK NUMBER
International Standard Book Number 8178793741
Terms of availability 595.00
035 ## - SYSTEM CONTROL NUMBER
System control number EN-71588
037 ## - SOURCE OF ACQUISITION
Source of stock number/acquisition DBAD / PUB
082 14 - DEWEY DECIMAL CLASSIFICATION NUMBER
Classification number 613.713
100 1# - MAIN ENTRY--PERSONAL NAME
Personal name Manilal, K.P.
245 1# - TITLE STATEMENT
Title Science of strength training /
Statement of responsibility, etc by K.P.Manilal
260 ## - PUBLICATION, DISTRIBUTION, ETC. (IMPRINT)
Place of publication, distribution, etc New Delhi
Name of publisher, distributor, etc Sports Publications
Date of publication, distribution, etc 2006
270 ## - ADDRESS
Address G-6, 23/23-B, EMCA House, Ansari Road, Darya Ganj
City New Delhi
Postal code 110 002
300 ## - PHYSICAL DESCRIPTION
Extent 377 p.
Dimensions 22 cm (Hb)
942 ## - ADDED ENTRY ELEMENTS (KOHA)
Institution code [OBSOLETE] dpl
Item type English Books
Source of classification or shelving scheme Dewey Decimal Classification
Classification part 613.713
Call number suffix MAN
Holdings
Withdrawn status Lost status Not for loan Collection code Home library Current library Source of acquisition Cost, normal purchase price Full call number Barcode Copy number Cost, replacement price Koha item type
    Not For Loan Non-fiction D.B.Act.Division D.B.Act.Division DBAD/PUB 595.00 613.713 MAN EN-71588 1 595.00 English Books

© Delhi Public Library
Hit Counter
free hit counter